Những bài chính luận về đường lối quân sự của Đảng

保存先:
書誌詳細
第一著者: Nguyễn, Đình Ước
フォーマット: 図書
言語:Undetermined
出版事項: Hà Nội Chính trị Quốc gia 2005
主題:
タグ: タグ追加
タグなし, このレコードへの初めてのタグを付けませんか!
Thư viện lưu trữ: Trung tâm Học liệu Trường Đại học Cần Thơ
LEADER 00632nam a2200205Ia 4500
001 CTU_94495
008 210402s9999 xx 000 0 und d
020 |c 49000 
082 |a 355.597 
082 |b Ư557 
100 |a Nguyễn, Đình Ước 
245 0 |a Những bài chính luận về đường lối quân sự của Đảng 
245 0 |c Nguyễn Đình Ước 
260 |a Hà Nội 
260 |b Chính trị Quốc gia 
260 |c 2005 
650 |a Military art and science 
650 |z Vietnam 
904 |i Nguyên 
980 |a Trung tâm Học liệu Trường Đại học Cần Thơ